|
|
|
|
| LEADER |
01022nam a2200325 4500 |
| 001 |
DLU020013662 |
| 005 |
##6/19/2000 |
| 020 |
# |
# |
|a 978-
|
| 041 |
# |
# |
|a vie
|
| 082 |
# |
# |
|a 959.703
|b Nhu
|
| 090 |
# |
# |
|a 959.703
|b Nhu
|
| 100 |
# |
# |
|a Nguyễn Phong Nam
|
| 245 |
# |
# |
|a Những vấn đề lịch sử và văn chương triều Nguyễn /
|c Nguyễn Phong Nam, Nam Nguyễn Phong, Duy Trần Hữu, Thành Huỳnh Kim, ...
|
| 260 |
# |
# |
|a Hà Nội :
|b Giáo dục ,
|c 1997
|
| 300 |
# |
# |
|a 228 tr.;
|c 24 cm.
|
| 650 |
# |
# |
|a Văn học Việt Nam
|y Thế kỷ 19
|x Lịch sử và phê bình.
|
| 650 |
# |
# |
|a Văn học Việt Nam
|y Thế kỷ 20
|x Lịch sử và phê bình.
|
| 651 |
# |
# |
|a Việt Nam
|x Lịch sử
|y Triều đại Nhà Nguyễn, 1802-1945.
|
| 700 |
# |
# |
|a ...,
|
| 700 |
# |
# |
|a Huỳnh Kim Thành
|
| 700 |
# |
# |
|a Trần Hữu Duy
|
| 992 |
# |
# |
|a 38000
|
| 994 |
# |
# |
|a DLU
|
| 900 |
# |
# |
|a False
|
| 911 |
# |
# |
|a Administrator
|
| 925 |
# |
# |
|a G
|
| 926 |
# |
# |
|a A
|
| 927 |
# |
# |
|a SH
|
| 980 |
# |
# |
|a Thư viện Trường Đại học Đà Lạt
|